000 00459cam a2200181ua 4500
020 _cRs 3.50
041 _aeng
_h
082 _a320.58
_bBAL/UN
100 _aBalvasnt, Sinha .
245 _aUnder the shelter of Bapu /
_cBalvasnt Sinha.
_hTextual Documents
260 _aAhmadabad :
_bNavajivan publishing house ,
_c1962.
300 _a227 ; .
365 _aRs 3.50
504 _a
650 _aGandhiana
942 _cBK
999 _c1059
_d1059